000 01103nam a2200385 a 4500
003 AR-BaBNM
005 20251128204232.0
008 082120s2002 ||||||||||||||000 | spa||
020 _a84-206-8041-9
040 _cAR-BaBNM
245 0 0 _aFundamentos del desarrollo del lenguaje
260 _aMadrid
_bAlianza Editorial
_c1982
300 _a612 p.
_btablas
490 0 _aAlianza Universidad Textos
_vv. 41
650 4 _aDESARROLLO DEL LENGUAJE
650 4 _aNIÑOS
650 4 _aCOMPORTAMIENTO
650 4 _aDIFICULTADES EN EL APRENDIZAJE
650 4 _aSORDOS
650 4 _aCIEGOS
650 4 _aESCRITURA
650 4 _aTRASTORNOS DEL HABLA
650 4 _aDESARROLLO MOTOR
650 4 _aTRASTORNOS DEL HABLA
650 4 _aPSICOMOTRICIDAD
653 _aTRASTORNOS DEL LENGUAJE
653 _aDISCAPACIDAD MOTORA
700 1 _aLenneberg, Eric H.
_ecompilador
700 1 _aLenneberg, Elizabeth
_ecompilador
700 1 _aSolo, Pilar
_etraductor
700 1 _aSebastián, María Eugenia
_etraductor
700 1 _aBarrio, Cristina del
_etraductor
942 _cBK
998 _cCarmen
999 _c6652
_d6652